00289nam a2200121Ia 4500003000400000005001700004008004100021020001800062040002100080100001900101245002200120260002500142OSt20240108165839.0170524s9999 xx 000 0 und d a9788189612245 cIIMT UNIVERSITY  aSINGH- NISHANT 0aMEDIA LEKHAN KALA bOMEGA PUB. NEW DELHI